| 000 | 00505nam a2200217Ia 4500 | ||
|---|---|---|---|
| 005 | 20250425161119.0 | ||
| 008 | 250425s9999 xx 000 0 und d | ||
| 020 | _a0852380224 | ||
| 041 | _aeng | ||
| 082 | _a639.3 | ||
| 100 | _aMILNE, P. H. | ||
| 245 | 0 | _aFISH AND SHELLFISH FARMING IN COASTAL WATERS | |
| 250 | _a1ST ED. | ||
| 260 | _aLONDON | ||
| 260 |
_aReino Unido _bFISHING NEW BOOKS _c1979 |
||
| 300 | _a210 | ||
| 650 | _aPESCA | ||
| 650 | _aPESCADO | ||
| 942 | _c01 | ||
| 010 | _a12965 | ||
| 999 |
_c202689 _d202689 |
||